<The> Keynesian Revolution and its Critics Issues of Theory and Policy for the Monetary Production Economy
Uložené v:
| Hlavný autor: | |
|---|---|
| Médium: | Kniha |
| Jazyk: | English |
| Vydavateľské údaje: |
Houndmills
MacMillan
1987
|
| Vydanie: | 1. ed. |
| Tagy: |
Žiadne tagy, Buďte prvý, kto otaguje tento záznam!
|
MARC
| LEADER | 00000nam a2200000 4500 | ||
|---|---|---|---|
| 001 | c024351 | ||
| 005 | 20221219120103.8 | ||
| 041 | 0 | |a eng | |
| 044 | |a US | ||
| 245 | 1 | 0 | |a <The> Keynesian Revolution and its Critics |b Issues of Theory and Policy for the Monetary Production Economy |c Gordon A. Fletcher |
| 250 | |a 1. ed. | ||
| 264 | 1 | |a Houndmills |b MacMillan |c 1987 | |
| 300 | |a 348 s. | ||
| 100 | 1 | |a Fletcher, Gordon A. | |